[Event "88th Hastings Masters"]
[Site "Hastings ENG"]
[Date "2013.01.04"]
[Round "8.28"]
[White "Armstrong, Malcolm J"]
[Black "Atako, Chino C"]
[Result "1/2-1/2"]
[WhiteElo "2046"]
[BlackElo "2117"]
[WhiteFideId "409049"]
[BlackFideId "468649"]
[EventDate "2012.12.28"]

1. d4 g6 2. Nf3 Bg7 3. g3 f5 4. Bg2 Nf6 5. O-O O-O 6. c4 d6 7. Nc3 Nc6 8. d5 Na5
9. Nd2 c5 10. Qc2 Bd7 11. b3 a6 12. Bb2 b5 13. e4 bxc4 14. bxc4 f4 15. Ne2 fxg3
16. hxg3 Rb8 17. Bc3 e5 18. dxe6 Bxe6 19. Nf4 Bf7 20. Rab1 Nc6 21. Rxb8 Qxb8 22.
Rb1 Qc7 23. Nf3 Ng4 24. Bxg7 Kxg7 25. Nd5 Bxd5 26. exd5 Nce5 27. Ng5 Kg8 28. Ne6
Qf7 29. Nxf8 Qxf8 30. f4 Qh6 31. Be4 Nxc4 32. Rb8+ Kf7 33. Qe2 Nce3 34. Bf3 Qh3
35. Bxg4 Qxg3+ 36. Kh1 Qh4+ 37. Kg1 Qg3+ 38. Kh1 Qh4+ 39. Kg1 1/2-1/2

[Event "88th Hastings Masters"]
[Site "Hastings ENG"]
[Date "2013.01.04"]
[Round "8.30"]
[White "Pickersgill, Adrian O"]
[Black "Gregory, Stephen J"]
[Result "1-0"]
[WhiteElo "2029"]
[BlackElo "2086"]
[WhiteFideId "404519"]
[BlackFideId "410837"]
[EventDate "2012.12.28"]

1. e4 d5 2. exd5 Qxd5 3. Nc3 Qa5 4. d4 Nf6 5. Bc4 c6 6. Nf3 Bg4 7. Bd2 e6 8. Ne2
Bb4 9. c3 Bd6 10. Ng3 Nbd7 11. h3 Bxf3 12. Qxf3 O-O 13. O-O c5 14. dxc5 Qxc5 15.
Bb3 Rfd8 16. Be3 Qc7 17. Rad1 Ne5 18. Qe2 Ng6 19. Nh5 Nxh5 20. Qxh5 Bh2+ 21. Kh1
Bf4 22. Qf3 Be5 23. Bc2 b6 24. Bg5 Rxd1 25. Qxa8+ 1-0

[Event "88th Hastings Masters"]
[Site "Hastings ENG"]
[Date "2013.01.04"]
[Round "8.31"]
[White "Talsma, Paul"]
[Black "Flynn, David"]
[Result "1-0"]
[WhiteElo "2229"]
[BlackElo "1921"]
[WhiteFideId "1018779"]
[BlackFideId "410594"]
[EventDate "2012.12.28"]

1. d4 Nf6 2. c4 g6 3. Nc3 d5 4. Nf3 Bg7 5. e3 c5 6. cxd5 Nxd5 7. Bc4 Nxc3 8.
bxc3 Nc6 9. O-O O-O 10. Ba3 cxd4 11. cxd4 Na5 12. Be2 Re8 13. Rc1 Be6 14. Bb5
Bd7 15. Qa4 Bxb5 16. Qxb5 b6 17. Bb4 a6 18. Qa4 Nb7 19. Qc6 Nd6 20. Bxd6 exd6
21. Qd5 Bf8 22. Rc6 h6 23. Rfc1 Ra7 24. a4 Qb8 25. Nd2 b5 26. Ne4 Rd8 27. a5 Qb7
28. Qb3 Qe7 29. Qd5 Qb7 30. h4 Kg7 31. h5 Qe7 32. hxg6 fxg6 33. Rb6 Rdd7 34.
Rcc6 Rdc7 35. Nxd6 Rxc6 36. Qxc6 Kh8 37. Nc8 Qb4 38. Nxa7 Qe1+ 39. Kh2 Qxf2 40.
Qf6+ 1-0

[Event "88th Hastings Masters"]
[Site "Hastings ENG"]
[Date "2013.01.04"]
[Round "8.32"]
[White "Haria, Ravi"]
[Black "Hutchinson, Norman A"]
[Result "1-0"]
[WhiteElo "2032"]
[BlackElo "2108"]
[WhiteFideId "415820"]
[BlackFideId "411540"]
[EventDate "2012.12.28"]

1. e4 c6 2. d4 d5 3. e5 Bf5 4. Nf3 e6 5. Be2 Nd7 6. O-O Bg6 7. c3 Qc7 8. a4 Ne7
9. a5 Bxb1 10. Rxb1 Qxa5 11. b4 Qc7 12. b5 c5 13. Ba3 Ng6 14. g3 c4 15. Bxf8
Ngxf8 16. h4 Nb6 17. h5 h6 18. Nh4 Qe7 19. f4 Rg8 20. f5 Nc8 21. Bg4 a5 22. bxa6
Rxa6 23. Rb2 exf5 24. Nxf5 Qc7 25. Qb1 b6 26. Re2 Kd8 27. Ref2 Ra7 28. Ne3 f6
29. Nxd5 Qb8 30. Bxc8 Kxc8 31. Nxb6+ Kd8 32. Qb5 Nd7 33. Qxc4 Re8 34. Nxd7 Rxd7
35. Ra1 Ke7 36. exf6+ gxf6 37. Re1+ Kf8 38. Rxf6+ Kg7 39. Rg6+ Kh7 40. Rxe8 Qxe8
41. Qe6 Qxe6 42. Rxe6 Rc7 43. Re3 Kg7 44. Kg2 Kf6 45. d5 Rc5 46. Rd3 Ke7 47. Kf3
Rc4 48. d6+ Kd7 49. Ke3 Rg4 50. Kf3 Rc4 51. g4 Ra4 52. Rd4 Ra3 53. Kf4 Rxc3 54.
Kf5 Re3 55. Kg6 Re6+ 56. Kg7 Kd8 57. g5 hxg5 58. h6 1-0

[Event "88th Hastings Masters"]
[Site "Hastings ENG"]
[Date "2013.01.04"]
[Round "8.33"]
[White "Barton, R Alan"]
[Black "Willson, Ollie"]
[Result "0-1"]
[WhiteElo "2080"]
[BlackElo "1650"]
[WhiteFideId "404233"]
[BlackFideId "424714"]
[EventDate "2012.12.28"]

1. b4 e6 2. Bb2 Nf6 3. a3 b6 4. e3 Bb7 5. Nf3 Be7 6. c4 d5 7. cxd5 exd5 8. d4
Nbd7 9. b5 O-O 10. Bd3 Bd6 11. O-O Qe7 12. Qb3 Ne4 13. Nc3 Ndf6 14. a4 Qe6 15.
Ba3 Rfe8 16. Bxd6 Nxd6 17. Ne5 Nfe4 18. Nxe4 dxe4 19. Qxe6 Rxe6 20. Be2 f6 21.
Nc4 Bd5 22. Rfc1 Rc8 23. Nxd6 Rxd6 24. a5 c5 25. axb6 axb6 26. Bc4 Bxc4 27. Rxc4
Rcd8 28. Ra7 R8d7 29. Rxd7 Rxd7 30. Kf1 cxd4 31. exd4 Rd5 32. Rb4 f5 33. Ke2 f4
34. g3 g5 35. Kd2 Kf7 36. Kc3 Ke6 37. Kc4 Rd7 38. Ra4 Rc7+ 39. Kb3 Kd5 40. Ra6
e3 41. gxf4 gxf4 42. fxe3 fxe3 43. h4 e2 44. Ra1 Kxd4 45. h5 Ke3 46. h6 Kf2 47.
Ra2 Kf1 48. Ra1+ e1=Q 0-1

[Event "88th Hastings Masters"]
[Site "Hastings ENG"]
[Date "2013.01.04"]
[Round "8.34"]
[White "Tarhon, Brian"]
[Black "Spanton, Tim R"]
[Result "0-1"]
[WhiteElo "1844"]
[BlackElo "2020"]
[WhiteFideId "423190"]
[BlackFideId "404802"]
[EventDate "2012.12.28"]

1. e4 e5 2. Nf3 Nc6 3. Bb5 Nge7 4. O-O g6 5. c3 Bg7 6. d4 exd4 7. cxd4 d5 8. e5
Bg4 9. h3 Bxf3 10. Qxf3 O-O 11. Qd1 a6 12. Ba4 b5 13. Bc2 Qd7 14. g4 f5 15. f4
fxg4 16. hxg4 Nxd4 17. Qxd4 Qxg4+ 18. Kh2 c5 19. Qg1 Qh4+ 20. Kg2 Nf5 21. Bxf5
Rxf5 22. Qh2 Qg4+ 23. Qg3 Qxg3+ 24. Kxg3 Bxe5 25. Rd1 Bc7 26. Nc3 d4 27. Ne2 Re8
28. Ng1 Rd8 29. Nf3 Bxf4+ 30. Bxf4 Rdf8 31. Bd6 Rxf3+ 32. Kg2 Rf2+ 33. Kg1 R8f5
34. Bxc5 Rxb2 35. Rxd4 Rxc5 0-1

[Event "88th Hastings Masters"]
[Site "Hastings ENG"]
[Date "2013.01.04"]
[Round "8.37"]
[White "Dennis, Nigel W"]
[Black "Mitchell, Robert1"]
[Result "0-1"]
[WhiteElo "1904"]
[BlackElo "1690"]
[WhiteFideId "408913"]
[BlackFideId "4302095"]
[EventDate "2012.12.28"]

1. e4 d6 2. Bc4 e5 3. Nf3 Nf6 4. Nc3 Nc6 5. d4 Bg4 6. d5 Bxf3 7. Qxf3 Nd4 8. Qd1
Be7 9. Be2 O-O 10. Be3 Nxe2 11. Qxe2 a6 12. O-O Qd7 13. h3 Ne8 14. f4 exf4 15.
Rxf4 Bf6 16. Qf2 Be5 17. Rf3 Nf6 18. Bd4 Rae8 19. Rf1 Bxd4 20. Qxd4 Re5 21. Rf5
Rfe8 22. g4 R8e7 23. R1f4 Qe8 24. Rxe5 dxe5 0-1

[Event "88th Hastings Masters"]
[Site "Hastings ENG"]
[Date "2013.01.04"]
[Round "8.38"]
[White "Higgs, Joshua"]
[Black "Shierlaw, Hamish"]
[Result "1-0"]
[WhiteElo "1792"]
[BlackElo "1582"]
[WhiteFideId "426920"]
[BlackFideId "4301765"]
[EventDate "2012.12.28"]

1. e4 e5 2. Nf3 d6 3. d4 exd4 4. Nxd4 Nf6 5. Nc3 Be7 6. Be2 O-O 7. O-O Bd7 8. f4
Nc6 9. Be3 Nxd4 10. Bxd4 Bc6 11. Bf3 Qd7 12. e5 dxe5 13. Bxe5 Qxd1 14. Raxd1
Bxf3 15. Rxf3 c6 16. Bxf6 Bxf6 17. Ne4 Rad8 18. Nxf6+ gxf6 19. Rg3+ Kh8 20. Rgd3
Rxd3 21. Rxd3 Kg7 22. Rd7 Rb8 23. Kf2 f5 24. Ke3 Kf6 25. Rd6+ Kg7 26. g3 Re8+
27. Kd3 Re7 28. a4 f6 29. a5 a6 30. Kc4 Re2 31. Rd7+ Kg6 32. Kd3 Rxh2 33. Rxb7
Rh1 34. Rb6 Rd1+ 35. Ke2 Rd4 36. Rxa6 Kf7 37. c4 Rd6 38. Ra7+ Kg6 39. Rc7 h6 40.
b4 Kh5 41. a6 Kg4 42. a7 Rd8 43. Rg7+ Kh5 44. Rb7 Ra8 45. b5 cxb5 46. cxb5 Kg4
47. Kf2 Kh5 48. b6 Kg4 49. Rb8 1-0

[Event "88th Hastings Masters"]
[Site "Hastings ENG"]
[Date "2013.01.04"]
[Round "8.39"]
[White "Macrae, James S"]
[Black "Cekulis, Maris"]
[Result "0-1"]
[WhiteElo "1717"]
[BlackElo "1811"]
[WhiteFideId "2401797"]
[BlackFideId "3217671"]
[EventDate "2012.12.28"]

1. d4 Nf6 2. Nf3 e6 3. Bg5 h6 4. Bh4 Be7 5. e3 b6 6. Bd3 Bb7 7. O-O d5 8. Nbd2
O-O 9. Qe2 c5 10. c3 Ne4 11. Bxe7 Qxe7 12. Ne5 Nxd2 13. Qxd2 Nd7 14. Nxd7 Qxd7
15. f4 f5 16. Rf3 Bc6 17. Rh3 Rf6 18. Be2 g5 19. Rg3 g4 20. h3 h5 21. hxg4 hxg4
22. Bxg4 Qg7 23. Qe2 Rg6 24. Bxf5 Rxg3 25. Bxe6+ Kf8 26. Rf1 Qh6 27. Qe1 Qg7 28.
Rf2 Ke7 29. Bf5 Rg8 30. Qe2 b5 31. Qd2 Rh8 32. Bd3 Qh6 33. Kf1 Qh1+ 34. Ke2 Rxg2
35. Rxg2 Qxg2+ 0-1

[Event "88th Hastings Masters"]
[Site "Hastings ENG"]
[Date "2013.01.04"]
[Round "8.40"]
[White "Pooley, Mark C"]
[Black "Kent, Paul"]
[Result "1-0"]
[WhiteElo "1693"]
[BlackElo "1596"]
[WhiteFideId "423084"]
[BlackFideId "402214"]
[EventDate "2012.12.28"]

1. e4 c6 2. Nf3 d6 3. d4 g6 4. Nc3 Bg7 5. Be3 Nf6 6. h3 O-O 7. Bc4 Nxe4 8. Nxe4
d5 9. Bd3 dxe4 10. Bxe4 f5 11. Bd3 Be6 12. c3 Kh8 13. O-O Bd5 14. Bc2 Nd7 15.
Bb3 Bxf3 16. Qxf3 e5 17. Rad1 e4 18. Qg3 Qe7 19. Bg5 Qe8 20. Qe3 Nf6 21. Bf4 Nh5
22. Bh6 f4 23. Bxg7+ Kxg7 24. Qd2 Rd8 25. Rfe1 Qe7 26. d5 c5 27. d6 1-0

[Event "88th Hastings Masters"]
[Site "Hastings ENG"]
[Date "2013.01.05"]
[Round "9.7"]
[White "Hawkins, Jonathan"]
[Black "Kvisla, Johannes Luangtep"]
[Result "1-0"]
[WhiteTitle "IM"]
[WhiteElo "2507"]
[BlackElo "2148"]
[WhiteFideId "412686"]
[BlackFideId "1504533"]
[EventDate "2012.12.28"]

1. d4 Nf6 2. c4 g6 3. Nc3 d5 4. Nf3 Bg7 5. Qb3 dxc4 6. Qxc4 O-O 7. e4 Na6 8. Be2
c5 9. d5 e6 10. O-O exd5 11. exd5 b6 12. Qh4 Nb4 13. Bg5 h6 14. Bxh6 Nbxd5 15.
Bg5 Qc7 16. Nxd5 Nxd5 17. Rad1 Be6 18. Rfe1 Qb7 19. Bd2 f6 20. Bd3 Bf7 21. Qg3
f5 22. Ne5 Bxe5 23. Rxe5 f4 24. Qg5 Qc6 25. Qh6 Qf6 26. Rxd5 1-0

[Event "88th Hastings Masters"]
[Site "Hastings ENG"]
[Date "2013.01.05"]
[Round "9.9"]
[White "Hebden, Mark L"]
[Black "Rayner, Francis"]
[Result "0-1"]
[WhiteTitle "GM"]
[WhiteElo "2547"]
[BlackElo "2166"]
[WhiteFideId "400084"]
[BlackFideId "1800132"]
[EventDate "2012.12.28"]

1. d4 Nf6 2. Nf3 c5 3. d5 e6 4. Nc3 b5 5. Bg5 b4 6. Ne4 Bb7 7. c4 bxc3 8. Bxf6
c2 9. Qxc2 gxf6 10. Nc3 Qa5 11. e4 exd5 12. exd5 Bxd5 13. Bb5 Nc6 14. Qe2+ Be6
15. O-O Bg7 16. Qe3 O-O 17. Rad1 Rac8 18. Rfe1 Rfd8 19. Qf4 Nd4 20. Bd3 Nxf3+
21. Qxf3 c4 22. Bb1 Rc5 23. Ne4 Rf5 24. Qg3 Qe5 25. Qa3 Qa5 26. Qd6 Rd5 27. Qe7
Re5 28. f4 Rf5 29. Qd6 Qb6+ 30. Qxb6 axb6 31. g3 Rb5 32. Nc3 Rc5 33. f5 Bxf5 34.
Na4 Ra5 35. Bxf5 Rxa4 36. a3 d5 37. Re4 Bf8 38. Rg4+ Kh8 39. Kg2 Bc5 40. Rh4 d4
41. Re1 Ra5 42. Ree4 Kg8 43. Bxh7+ Kg7 44. Reg4+ Kf8 45. Rg8+ Ke7 46. Re4+ Kd7
47. Rg7 Rb5 48. b4 cxb3 49. Re1 Rf8 50. Bd3 Ra5 51. a4 Kd6 52. Bb5 b2 53. Rg4
Kd5 54. Bd3 Rxa4 55. Rf4 Ra1 56. Rf5+ Kd6 57. Rxf6+ Kc7 58. Rb1 Rxb1 59. Bxb1
Bb4 60. h4 Bc3 61. g4 Kd7 62. Rf5 Ke7 63. h5 Rg8 64. Kh3 Ra8 65. Rf1 Ra1 66. Kg2
Bd2 67. Bd3 Bc1 68. g5 Bxg5 69. Rf5 Ra5 70. Kf3 Bh6 71. Ke4 Ra1 72. Rb5 Re1+ 73.
Kxd4 Bg7+ 74. Kc4 Rc1+ 75. Kd5 Rd1 76. Ke4 f5+ 77. Ke3 f4+ 78. Ke4 f3 79. h6 Bh8
80. Rxb6 f2 81. Rb7+ Kd6 82. Rf7 Rxd3 0-1

[Event "88th Hastings Masters"]
[Site "Hastings ENG"]
[Date "2013.01.05"]
[Round "9.14"]
[White "Knott, Simon J B"]
[Black "Maroroa, Sue"]
[Result "1-0"]
[WhiteTitle "IM"]
[BlackTitle "WIM"]
[WhiteElo "2325"]
[BlackElo "2037"]
[WhiteFideId "400645"]
[BlackFideId "4301498"]
[EventDate "2012.12.28"]

1. Nf3 Nf6 2. c4 b6 3. g3 Bb7 4. Bg2 g6 5. d4 Bg7 6. O-O O-O 7. Nc3 Ne4 8. Nxe4
Bxe4 9. Be3 d6 10. Qd2 Nd7 11. d5 Qc8 12. Bd4 Nf6 13. Qe3 Bf5 14. Bc3 Ng4 15.
Qd2 Nf6 16. Nd4 Bh3 17. Nc6 Re8 18. Bxh3 Qxh3 19. Bxf6 Bxf6 20. e4 e6 21. Rae1
a5 22. a4 h5 23. f3 Kg7 24. f4 e5 25. Qf2 Qd7 26. f5 g5 27. h3 Rh8 28. Kg2 Rh7
29. Rh1 Rhh8 30. Ra1 Ra6 31. Ra3 Rha8 32. Qe2 Kh6 33. Rha1 Qe8 34. Qd2 Kg7 35.
b4 axb4 36. Qxb4 Qc8 37. R1a2 Kh7 38. Qe1 Qg8 39. Qd1 Kh6 40. g4 h4 41. Qb3 Qc8
42. Kf3 Kg7 43. Ke2 Kh7 44. Kd3 Kg7 45. Kc2 Kh7 46. Qb4 Kg7 47. a5 bxa5 48. Rxa5
Rxa5 49. Rxa5 Rxa5 50. Qxa5 Qb7 51. Qa7 Qxa7 52. Nxa7 Kf8 53. Kb3 Ke8 54. Kb4
Kd7 55. Kb5 Be7 56. Ka6 Bf6 57. Kb7 Bd8 58. Nc6 Bf6 59. Nb8+ Kd8 60. Na6 Kd7 61.
Nxc7 Bd8 62. Na8 Ba5 63. Nb6+ Ke7 64. Kc6 Kd8 65. Nd7 Ke7 66. f6+ 1-0

[Event "88th Hastings Masters"]
[Site "Hastings ENG"]
[Date "2013.01.05"]
[Round "9.16"]
[White "Rudd, Jack"]
[Black "Wadsworth, Matthew J"]
[Result "0-1"]
[WhiteTitle "IM"]
[WhiteElo "2288"]
[BlackElo "2067"]
[WhiteFideId "405736"]
[BlackFideId "415804"]
[EventDate "2012.12.28"]

1. e4 c6 2. d4 d5 3. e5 Bf5 4. h4 h5 5. Bg5 Qb6 6. Bd3 Bxd3 7. Qxd3 e6 8. Nd2
Nd7 9. Nh3 Ne7 10. c4 Nf5 11. Nb3 Qb4+ 12. Nd2 dxc4 13. Qxc4 Nxd4 14. O-O-O Nxe5
15. Qxb4 Bxb4 16. Ne4 Nf5 17. Nf6+ gxf6 18. Bxf6 Rg8 19. Bxe5 Rxg2 20. Nf4 Rg8
21. Nxh5 Be7 22. Nf6+ Bxf6 23. Bxf6 Rg6 24. Bc3 Rd8 25. Rde1 Kd7 26. h5 Rh6 27.
Bd2 Rh7 28. Bg5 Rg8 29. Rd1+ Kc8 30. Bf6 Rh6 31. Bc3 f6 32. f4 Ng3 33. Rhe1 f5
34. Be5 Rxh5 35. Rd6 Re8 36. Red1 Rh7 37. b4 Ne4 38. R6d4 Nc3 39. R1d2 Nd5 40.
a4 Rg8 41. Rc4 Kd7 42. b5 Rc8 43. Rdc2 c5 44. Rxc5 Rxc5 45. Rxc5 Rh2 46. Kb1 Re2
47. Rc1 Re4 48. Rh1 Rxa4 49. Rh7+ Kc8 50. Rh8+ Kd7 51. Rh7+ Ke8 52. Rxb7 Nxf4
53. Bb8 Nd5 54. Bxa7 Nc3+ 55. Kb2 Nxb5 56. Bc5 Nd4 57. Kc3 Ne2+ 58. Kd2 Re4 59.
Be3 Nf4 60. Rh7 Nd5 61. Bf2 Ra4 62. Bc5 Nf6 63. Re7+ Kd8 64. Rxe6 Ne4+ 65. Ke3
Nxc5 66. Rd6+ Ke7 67. Rd5 f4+ 68. Kf3 Ne6 69. Kg4 Ra8 0-1

[Event "88th Hastings Masters"]
[Site "Hastings ENG"]
[Date "2013.01.05"]
[Round "9.19"]
[White "Ternault, Mathieu"]
[Black "Stewart, Neil"]
[Result "1/2-1/2"]
[BlackTitle "FM"]
[WhiteElo "2159"]
[BlackElo "2264"]
[WhiteFideId "20641532"]
[BlackFideId "4636988"]
[EventDate "2012.12.28"]

1. d4 d5 2. c4 c6 3. Nf3 Nf6 4. Nc3 dxc4 5. a4 Bf5 6. Ne5 Nbd7 7. Nxc4 Nb6 8.
Ne5 a5 9. f3 Nfd7 10. Nxd7 Nxd7 11. e4 Bg6 12. f4 e6 13. Bc4 Nb6 14. Bb3 Qh4+
15. g3 Qh3 16. Qf3 Bb4 17. Be3 O-O 18. Kf2 Nd7 19. e5 Bh5 20. Qg2 Qxg2+ 21. Kxg2
Rfd8 22. Na2 Be7 23. Nc3 Bb4 24. Na2 Be7 25. Nc3 1/2-1/2

[Event "88th Hastings Masters"]
[Site "Hastings ENG"]
[Date "2013.01.05"]
[Round "9.20"]
[White "Hagen, Anders Gjerdrum"]
[Black "Furman, Boris"]
[Result "1-0"]
[BlackTitle "FM"]
[WhiteElo "2126"]
[BlackElo "2237"]
[WhiteFideId "1506650"]
[BlackFideId "4107187"]
[EventDate "2012.12.28"]

1. d4 Nf6 2. c4 e6 3. Nf3 d5 4. Nc3 Bb4 5. cxd5 exd5 6. Bg5 h6 7. Bh4 g5 8. Bg3
Ne4 9. Nd2 Nxg3 10. hxg3 c6 11. Qc2 Be6 12. a3 Be7 13. O-O-O Nd7 14. e4 Nb6 15.
e5 Qd7 16. Bd3 O-O-O 17. f4 gxf4 18. gxf4 Bg4 19. Rde1 Kb8 20. Nd1 Bxd1 21. Qxd1
Rdg8 22. Rh2 c5 23. dxc5 Bxc5 24. Qf3 Qa4 25. Bc2 Qc6 26. Kb1 Qb5 27. Reh1 Bd4
28. Qb3 Qc6 29. Qd3 Bf2 30. g4 Qc5 31. g5 Nc4 32. Nxc4 dxc4 33. Qd6+ Qxd6 34.
exd6 Bg3 35. Rxh6 Rxh6 36. gxh6 Bxf4 37. h7 Rh8 38. Rg1 1-0

[Event "88th Hastings Masters"]
[Site "Hastings ENG"]
[Date "2013.01.05"]
[Round "9.21"]
[White "Sreeves, Clement"]
[Black "Lenier, Jude A"]
[Result "1-0"]
[WhiteElo "2223"]
[BlackElo "2069"]
[WhiteFideId "2402564"]
[BlackFideId "470678"]
[EventDate "2012.12.28"]

1. e4 e5 2. Nf3 Nc6 3. Bc4 Bc5 4. b4 Bxb4 5. c3 Be7 6. d4 Na5 7. Bd3 exd4 8.
cxd4 d5 9. exd5 Qxd5 10. Nc3 Bb4 11. Bd2 Bxc3 12. Bxc3 Ne7 13. O-O Nac6 14. Rb1
a6 15. Re1 O-O 16. Ne5 Bf5 17. Bc4 Qd6 18. Rxb7 Nxe5 19. Rxe5 Qc6 20. Qb3 Be4
21. Rxe7 Qxb7 22. Bxf7+ Kh8 23. Qxb7 Bxb7 24. d5 Rxf7 25. Rxf7 Rg8 26. d6 1-0

[Event "88th Hastings Masters"]
[Site "Hastings ENG"]
[Date "2013.01.05"]
[Round "9.23"]
[White "Haydon, David L"]
[Black "Cafferty, Bernard"]
[Result "1-0"]
[WhiteTitle "FM"]
[BlackTitle "FM"]
[WhiteElo "2315"]
[BlackElo "2105"]
[WhiteFideId "415405"]
[BlackFideId "401005"]
[EventDate "2012.12.28"]

1. e4 e6 2. d4 d5 3. Nd2 Nf6 4. e5 Nfd7 5. Bd3 c5 6. c3 Nc6 7. Ne2 cxd4 8. cxd4
f6 9. exf6 Qxf6 10. Nf3 h6 11. O-O Bd6 12. Ng3 O-O 13. Bb1 Rd8 14. Qd3 Nf8 15.
Re1 Bd7 16. Bd2 Be8 17. Bc3 Rac8 18. Qe2 a6 19. Bd3 Bb8 20. Rad1 Na7 21. Bb4
Bxg3 22. hxg3 Bh5 23. Bxf8 Rxf8 24. Qxe6+ Qxe6 25. Rxe6 Bxf3 26. gxf3 Rxf3 27.
Rd6 Rcf8 28. Rd2 Nc8 29. Rxd5 Nb6 30. Rc5 Rd8 31. Bc2 Kf8 32. Bb3 Rd7 33. Kg2
Rf6 34. a4 Rfd6 35. Rf5+ Rf6 36. Re5 Re7 37. Rc2 Rxe5 38. dxe5 Rc6 39. Rxc6 bxc6
40. a5 Nd7 41. f4 1-0

[Event "88th Hastings Masters"]
[Site "Hastings ENG"]
[Date "2013.01.05"]
[Round "9.35"]
[White "Cekulis, Maris"]
[Black "Tarhon, Brian"]
[Result "1/2-1/2"]
[WhiteElo "1811"]
[BlackElo "1844"]
[WhiteFideId "3217671"]
[BlackFideId "423190"]
[EventDate "2012.12.28"]

1. d4 Nf6 2. c4 g6 3. Nc3 Bg7 4. e4 d6 5. Nf3 O-O 6. h3 e5 7. Bg5 h6 8. Be3 Re8
9. d5 Nbd7 10. b4 a5 11. a3 Nh5 12. Rb1 f5 13. Bd2 Nhf6 14. Bd3 b6 15. O-O f4
16. Ne2 g5 17. Nh2 h5 18. f3 Kf7 19. Nc3 Rh8 20. Be2 Nf8 21. Be1 Ng6 22. Bf2 Bf8
23. Be1 Ne7 24. Nb5 axb4 25. axb4 Neg8 26. Bf2 Nh6 27. Rc1 g4 28. fxg4 hxg4 29.
Nxg4 Nhxg4 30. hxg4 Nxe4 31. Be1 Qg5 32. Bf3 Nf6 33. Nxc7 Rb8 34. Ne6 Bxe6 35.
dxe6+ Kxe6 36. Bd5+ Nxd5 37. Qxd5+ Kf6 38. c5 bxc5 39. bxc5 dxc5 40. Bc3 Re8 41.
Rfe1 1/2-1/2

[Event "88th Hastings Masters"]
[Site "Hastings ENG"]
[Date "2013.01.05"]
[Round "9.36"]
[White "Flynn, David"]
[Black "Macrae, James S"]
[Result "1/2-1/2"]
[WhiteElo "1921"]
[BlackElo "1717"]
[WhiteFideId "410594"]
[BlackFideId "2401797"]
[EventDate "2012.12.28"]

1. e4 Nc6 2. d4 e5 3. Nf3 exd4 4. Nxd4 Qh4 5. Nb5 Qxe4+ 6. Qe2 Qxe2+ 7. Bxe2
Bb4+ 8. Bd2 Bxd2+ 9. Nxd2 Kd8 10. Ne4 h6 11. O-O-O a6 12. Nbc3 d6 13. Bc4 f5 14.
Nc5 Nf6 15. Ne6+ Bxe6 16. Bxe6 g6 17. Rhe1 Rb8 18. Bf7 g5 19. Re6 Nd7 20. Bh5
Nde5 21. Nd5 Kd7 22. Rf6 Rbf8 23. Rxf8 Rxf8 24. f4 gxf4 25. Nxf4 Rg8 26. Rd2 Ne7
27. c3 Rg5 28. Bd1 Ng4 29. g3 Nf6 30. Ba4+ c6 31. Bb3 d5 32. c4 Ne4 33. Rd1 Nf2
34. Rd2 Ne4 35. Rd1 Nf2 36. Rd2 1/2-1/2

[Event "88th Hastings Masters"]
[Site "Hastings ENG"]
[Date "2013.01.05"]
[Round "9.37"]
[White "Shierlaw, Hamish"]
[Black "Pooley, Mark C"]
[Result "0-1"]
[WhiteElo "1582"]
[BlackElo "1693"]
[WhiteFideId "4301765"]
[BlackFideId "423084"]
[EventDate "2012.12.28"]

1. e4 b6 2. d4 Bb7 3. Nc3 g6 4. Nf3 Bg7 5. Be3 Nf6 6. Bd3 Ng4 7. Qd2 Nxe3 8.
Qxe3 Nc6 9. O-O Nb4 10. Rfe1 Nxd3 11. Qxd3 O-O 12. a4 a5 13. Ne2 d5 14. e5 e6
15. c3 Ba6 16. Qd2 c5 17. b4 axb4 18. cxb4 c4 19. a5 b5 20. Nc3 Qe7 21. Rab1
Rfc8 22. Qg5 Qa7 23. Qh4 h6 24. Qf4 Qe7 25. Qh4 Qa7 26. Qf4 Rd8 27. h4 Qe7 28.
Qg4 Rac8 29. Nh2 Rc6 30. f4 Qa7 31. Nf3 Qe7 32. h5 Qe8 33. hxg6 fxg6 34. Nh4 Kh7
35. Qh3 Qf7 36. Rf1 Rf8 37. g4 Qa7 38. Qe3 Qe7 39. Ng2 Rc7 40. f5 Qe8 41. f6 Bh8
42. Rf3 g5 43. Rh3 Qg6 44. Rf1 Kg8 45. Rf2 Rh7 46. Rh5 Rff7 47. Ne1 Kf8 48. Qh3
Ke8 49. Rh2 Bxf6 50. exf6 Qxf6 51. Qg2 Qxd4+ 52. Kh1 Qxc3 53. Nc2 Qd3 54. R2h3
Qd1+ 55. Kh2 Rf6 56. Ne3 Qd4 57. Rf3 Qe5+ 58. Qg3 Qxg3+ 59. Kxg3 Rxf3+ 60. Kxf3
Rf7+ 61. Kg3 Rf6 62. Nc2 Kd7 63. Nd4 Kd6 64. Rh2 Rf4 65. Ne2 Re4 66. Nc3 Re3+
67. Kg2 Rxc3 68. Rxh6 Rc2+ 69. Kg3 Rc3+ 70. Kg2 Re3 71. Rh1 Re4 72. Kf3 Rf4+ 73.
Ke3 Rxg4 74. Rh8 Kc6 75. Ra8 Kb7 76. Re8 Re4+ 77. Kd2 Ka7 78. Re7+ Bb7 79. Kc3
g4 80. Rg7 d4+ 81. Kd2 e5 82. a6 Kxa6 83. Rg6+ Ka7 84. Rg7 c3+ 85. Kd3 Re3+ 86.
Kc2 g3 87. Kd1 d3 88. Kc1 Re1# 0-1

[Event "88th Hastings Masters"]
[Site "Hastings ENG"]
[Date "2013.01.05"]
[Round "9.38"]
[White "Reuben, Stewart"]
[Black "Dennis, Nigel W"]
[Result "1-0"]
[WhiteTitle "CM"]
[WhiteElo "2045"]
[BlackElo "1904"]
[WhiteFideId "405256"]
[BlackFideId "408913"]
[EventDate "2012.12.28"]

1. d4 Nf6 2. c4 g6 3. Nc3 Bg7 4. g3 O-O 5. Bg2 d6 6. e4 c5 7. Nge2 cxd4 8. Nxd4
Qc7 9. b3 a6 10. Bb2 Nc6 11. O-O Bd7 12. Nd5 Nxd5 13. exd5 Nxd4 14. Bxd4 Bxd4
15. Qxd4 Rac8 16. Rfe1 Rfe8 17. Qh4 e5 18. dxe6 Bxe6 19. Rad1 Bd7 20. Rxe8+ Rxe8
21. Qd4 Re7 22. Kf1 Re6 23. Bh3 Re7 24. Bxd7 Rxd7 25. Qd5 Qc6 26. c5 Qxd5 27.
Rxd5 Kg7 28. Ke2 Kf6 29. Kd3 Ke6 30. Kc4 dxc5 31. Rxd7 Kxd7 32. Kxc5 Kc7 33. b4
b6+ 34. Kd4 Kd7 35. a4 Kc7 36. Ke5 Kc6 37. g4 a5 38. bxa5 bxa5 39. Kd4 h6 40. f4
Kd6 41. Kc4 g5 42. fxg5 hxg5 43. Kb5 Ke5 44. Kxa5 Kf4 45. Kb4 Kxg4 46. a5 f5 47.
a6 f4 48. a7 Kh3 49. a8=Q Kxh2 50. Qf3 1-0

[Event "88th Hastings Masters"]
[Site "Hastings ENG"]
[Date "2013.01.06"]
[Round "10.7"]
[White "Alsina Leal, Daniel"]
[Black "Kjartansson, Gudmundur"]
[Result "1/2-1/2"]
[WhiteTitle "GM"]
[BlackTitle "IM"]
[WhiteElo "2511"]
[BlackElo "2404"]
[WhiteFideId "2252627"]
[BlackFideId "2301318"]
[EventDate "2012.12.28"]

1. e4 e5 2. Nf3 Nc6 3. Bb5 a6 4. Ba4 Nf6 5. O-O Be7 6. d3 b5 7. Bb3 d6 8. a4 Bd7
9. h3 O-O 10. Be3 Na5 11. Ba2 bxa4 12. Nc3 Rb8 13. Rb1 c5 14. Nd2 Rb4 15. Bg5 h6
16. Bxf6 Bxf6 17. Nc4 Be6 18. Ne3 Bg5 19. Ned5 Bxd5 20. Bxd5 Qd7 21. Ra1 c4 22.
Ra2 Rc8 23. Qa1 cxd3 24. cxd3 Bd2 25. Nxa4 Nb3 26. Bxb3 Rxb3 27. Qd1 Rb4 28.
Qxd2 Rxa4 29. Rxa4 Qxa4 30. Rc1 Rxc1+ 31. Qxc1 Qb5 32. Qc8+ 1/2-1/2